00955 2200325 4500001002100000005001500021035002000036007000300056040001700059100002700076245011000103250001100213300004200224020002200266041000800288082001000296084001600306090002200322264003600344336002100380337003000401338002300431650001000454700004100464700004100505850001000546008004100556990001600597990001600613INLIS00000000000857220260519081825 a0010-0922001061ta aSBPUPADbind0 aAsti MusmanePengarang1 aBatik :bWarisan Adiluhung Nusantara /cAsti Musman ;Pengarang-2,Ambar B Arini ;Editor,Martha Nina Kenyar a.-Ed.1 avi,186 hlm :bilus. ;c17,5 x 24,5 cm a978-979-29-2240-0 aind a746.6 a746.6 AST b a746.5 IRA s 23-10 a.--Yogyakarta :bG-media,c2011 2rdacontentateks 2rdamediaatanpa perantara 2rdacarrieravolume 4aBatik aPengarang-2,Ambar B AriniePengarang aEditor,Martha Nina KenyarePengarang aPUPAD260519 0  a1053/B/2013 a1052/B/2013